Cricket: Highest Ranking ODI Batsmen - Statistics

General Stats
  • This quiz has been taken 170 times
  • The average score is 15 of 24
Answer Stats
rank points player % Correct
1 895 IND Virat Kohli
97%
2 863 IND Rohit Sharma
90%
6 796 NZ Kane Williamson
89%
3 834 PAK Babar Azam
87%
8 787 ENG Joe Root
84%
7 794 AUS David Warner
82%
16 717 ENG Jos Buttler
73%
13 758 ENG Jonny Bairstow
64%
23 682 BAN Shakib al Hasan
64%
20 694 ENG Ben Stokes
63%
5 817 NZ Ross Taylor
63%
10 774 ENG Jason Roy
61%
11 764 AUS Aaron Finch
59%
9 781 SA Quinton de Kock
59%
24 670 IND MS Dhoni
57%
20 694 ENG Eoin Morgan
56%
4 820 SA Faf du Plessis
56%
19 702 IND Shikhar Dhawan
53%
22 692 NZ Martin Guptill
52%
16 717 PAK Fakhar Zaman
40%
12 759 PAK Imam-ul-Haq
40%
14 729 WI Shai Hope
40%
18 703 BAN Mushfiqur Rahim
39%
15 727 AUS Usman Khawaja
25%
No matching quizzes found
Score Distribution
Percent of People with Each Score
Percentile by Number Answered
Your Score History
You have not taken this quiz